Green Marketing Practices Among Coffee Shops in Angono, Rizal (Record no. 83714)

MARC details
000 -LEADER
fixed length control field 01215nam a22001697a 4500
003 - CONTROL NUMBER IDENTIFIER
control field URS
005 - DATE AND TIME OF LATEST TRANSACTION
control field 20250721112851.0
008 - FIXED-LENGTH DATA ELEMENTS--GENERAL INFORMATION
fixed length control field 250721b |||||||| |||| 00| 0 eng d
100 ## - MAIN ENTRY--PERSONAL NAME
Personal name Pacatang, Edralyn M.
245 ## - TITLE STATEMENT
Title <a href="Green Marketing Practices Among Coffee Shops in Angono, Rizal">Green Marketing Practices Among Coffee Shops in Angono, Rizal</a>
Remainder of title Edralyn M. Pacatang, Angelica R. Rata, Kim Alaiza E. Torres
260 ## - PUBLICATION, DISTRIBUTION, ETC. (IMPRINT)
Date of publication, distribution, etc 2025
300 ## - PHYSICAL DESCRIPTION
Extent viii, 144
502 ## - DISSERTATION NOTE
Dissertation note Thesis
Degree type Bachelor of Science in Business Administration Major in Marketing Management
Name of granting institution URS Binangonan
Year degree granted 2025
520 ## - SUMMARY, ETC.
Summary, etc This study explores green marketing practices among coffee shops in<br/>Angono, Rizal, focusing on four elements of the marketing mix: green product, green price, green place, and green promotion. The researchers used descriptive quantitative research to assess how these practices are integrated into the operations and strategies of local coffee shops. The study also examined the profile of business owners and customers in terms of age, sex, respondent type, and business profile, which includes ownership type, years of existence, initial capital, operating hours, number of employees, types of coffee, and non-coffee products sold.
700 ## - ADDED ENTRY--PERSONAL NAME
Personal name Jonas D. Ynares
Relator term Adviser
942 ## - ADDED ENTRY ELEMENTS (KOHA)
Source of classification or shelving scheme Library of Congress Classification
Koha item type Theses and dissertations
Holdings
Withdrawn status Source of classification or shelving scheme Damaged status Not for loan Home library Current library Date acquired Total Checkouts Barcode Date last seen Price effective from Koha item type
  Library of Congress Classification     Binangonan College Library Binangonan College Library 07/21/2025   URSBIN-UGT3271 07/21/2025 07/21/2025 Theses and dissertations

University of Rizal System
Email us at univlibservices@urs.edu.ph

Visit our Website www.urs.edu.ph/library